000 00277nam a22001337a 4500
008 171227b xxu||||| |||| 00| 0 eng d
020 _a9781840135961
041 _aeng
080 _a7
100 _a24
101 _aTEO
245 _aBUDDHISM
_cELIZABETH.C
942 _2udc
_cBK
999 _c39478
_d39478